000
00314nam a2200109Ia 4500
008
200302s9999 xx 000 0 und d
100
_a
Edward A. Maruggi
245
_a
The Technology of Drafting With an Introduction to Computer Aided Drawing
260
_b
Merrill Publishing Co.
260
_c
1989
300
_a
310 P.,
999
_c
1307
_d
1307